Economía de la empresa: (Registro nro. 7860)

Detalles MARC
000 -LEADER
fixed length control field 01406nam a2200217Ia 4500
005 - FECHA Y HORA DE LA ÚLTIMA TRANSACCIÓN
control field 20230420170525.0
008 - FIXED-LENGTH DATA ELEMENTS--GENERAL INFORMATION
fixed length control field 230418s9999 xx 000 0 und d
020 ## - INTERNATIONAL STANDARD BOOK NUMBER
International Standard Book Number 84-362-1836-1
040 ## - CATALOGING SOURCE
Original cataloging agency UPAN
Transcribing agency Biblioteca San Vicente
Description conventions RCAA2
041 ## - LANGUAGE CODE
Language code of text/sound track or separate title spa
082 ## - DEWEY DECIMAL CLASSIFICATION NUMBER
Classification number 332.175 4
Item number M673e
100 ## - MAIN ENTRY--PERSONAL NAME
Personal name Morales-Arce Macias, Rafael.
Relator code aut.
245 #0 - TITLE STATEMENT
Title Economía de la empresa:
Remainder of title inversión y financiación. (I)
Statement of responsibility, etc Rafael Morales-Arce Mancías
250 ## - EDITION STATEMENT
Edition statement 5° ed., 2° reimp.
260 ## - PUBLICATION, DISTRIBUTION, ETC. (IMPRINT)
Place of publication, distribution, etc Madrid:
Name of publisher, distributor, etc UNED,
Date of publication, distribution, etc 1996
300 ## - PHYSICAL DESCRIPTION
Extent 522 p.;
Dimensions 24 cm.
505 ## - FORMATTED CONTENTS NOTE
Formatted contents note Tema I: Empresa, Economía de la empresa y función financiera<br/>Tema II: Valoración de la empresa<br/>Tema III: Aspectos básicos de la producción<br/>Tema IV: La inversión. Inversión en bienes de equipo<br/>Tema V: La inversión en existencias o stocks<br/>Tema VI: La inversión en recursos humanos<br/>Tema VII: Análisis critico de los criterios clásicos de valoración y selección de inversiones<br/>Tema VIII: La inflación y los impuestos en los mercados clásicos de valoración y selección de inversiones<br/>Tema IX: La selección de proyectos de inversión en ambiente de riesgo<br/>Tema X:Estudio aleatorio de inversiones, distribuciones estadísticas de interés<br/>Tema XI: Planificación de inversiones<br/>Tema XII: Recapitulación y supuesto practico de inversión<br/>Tema
650 ## - SUBJECT ADDED ENTRY--TOPICAL TERM
Source of heading or term LEMB
General subdivision Finanzas
650 ## - SUBJECT ADDED ENTRY--TOPICAL TERM
Source of heading or term LEMB
General subdivision Inversión
942 ## - ADDED ENTRY ELEMENTS (KOHA)
Koha item type Libros
Source of classification or shelving scheme Dewey Decimal Classification
Existencias
Withdrawn status Lost status Source of classification or shelving scheme Damaged status Not for loan Collection code Home library Current library Date acquired Total Checkouts Full call number Barcode Date last seen Price effective from Koha item type
    Dewey Decimal Classification     Colección General Biblioteca UPAN San Vicente Biblioteca UPAN San Vicente 18/04/2023   332.175 4 M673e 12000421 18/04/2023 18/04/2023 Libros